| 000 | 00356pab a2200145 454500 | ||
|---|---|---|---|
| 008 | 180718b2006 xxu||||| |||| 00| 0 eng d | ||
| 100 | _aRai, Santosh Kumar | ||
| 245 | _aRole of direct taxes in regulation of economy | ||
| 260 | _c2006 | ||
| 300 | _ap.872-75. | ||
| 362 | _aNov | ||
| 650 | _aTaxation | ||
| 773 | _aManagement Accountant | ||
| 909 | _a72602 | ||
| 999 |
_c72602 _d72602 |
||